Normal view
MARC view
Entry Personal Name
001 - CONTROL NUMBER
- control field: 45128
003 - CONTROL NUMBER IDENTIFIER
- control field: ARRUPE
005 - DATE AND TIME OF LATEST TRANSACTION
- control field: 20190307120048.0
008 - FIXED-LENGTH DATA ELEMENTS
- fixed length control field: 190307|| aca||aabn | a|a d
040 ## - CATALOGING SOURCE
- Original cataloging agency: ARRUPE
- Transcribing agency: ARRUPE
100 ## - HEADING--PERSONAL NAME
- Personal name: Masson, Paul R.
670 ## - SOURCE DATA FOUND
- Source citation: Work cat.: (ARRUPE)0: Eichengreen, Barry 45124, Exit strategies :, 1998.